Lieutenant general Cromielin, C B Royal (Bengal) engineers, amemoir and a retrospect (Record no. 1047502)

MARC details
000 -LEADER
fixed length control field 00774nam a2200229Ia 4500
003 - CONTROL NUMBER IDENTIFIER
control field OSt
005 - DATE AND TIME OF LATEST TRANSACTION
control field 20221005123450.0
008 - FIXED-LENGTH DATA ELEMENTS--GENERAL INFORMATION
fixed length control field 221004b |||||||| |||| 00| 0 eng d
037 ## - SOURCE OF ACQUISITION
Terms of availability Textual
040 ## - CATALOGING SOURCE
Original cataloging agency CRL
Transcribing agency CRL
Language of cataloging eng
041 ## - LANGUAGE CODE
Source of code eng
Language code of text/sound track or separate title eng
100 ## - MAIN ENTRY--PERSONAL NAME
Personal name Harvey Charles
245 #0 - TITLE STATEMENT
Title Lieutenant general Cromielin, C B Royal (Bengal) engineers, amemoir and a retrospect
Remainder of title Forcing the ganges of Cawanpore and march upon Lucknow-under-ground warfare of the second defence of the residency in the year of the mutiny in India.
260 ## - PUBLICATION, DISTRIBUTION, ETC.
Date of publication, distribution, etc. 1887
650 ## - SUBJECT ADDED ENTRY--TOPICAL TERM
Topical term or geographic name entry element HISTORY
942 ## - ADDED ENTRY ELEMENTS (KOHA)
Classification part V2:2501:M57, B7
Koha item type Textual
Source of classification or shelving scheme
Holdings
Withdrawn status Lost status Damaged status Not for loan Home library Current library Date acquired Total Checkouts Full call number Barcode Date last seen Price effective from Koha item type
        Central Library Central Library 2022-10-05   V2:2501:M57 B7 CL0204953 2022-10-05 2022-10-05 Textual
Copyright @ Delhi University Library System